00484 2200181 4500245008700000020002200087250001100109100002700120700001700147650002000164650001400184005001900198260002700217041001400244084001000258300002500268336000900293 aTanggap Bencana Kebakaran b : Seri Tanggap BencanacSinggih SastradihardjahText a978-979-665-601-1 aCet. 1 aSinggih Sastradihardja aYana Sutisna aTanggap Bencana aKebakaran a20230224134423 aBandungbAngkasac2013 aIndonesia a613.6 aiv, 66 hlm. :cilus. atext